Reglamento de Protección Civil Para el Distrito Federal /

Guardat en:
Dades bibliogràfiques
Autor corporatiu: México (D.F.)
Format: Llibre
Idioma:espanyol
Publicat: México : Departamento del Distrito Federal, 1990
Matèries:
Etiquetes: Afegir etiqueta
Sense etiquetes, Sigues el primer a etiquetar aquest registre!

MARC

LEADER 00000nam^a2200000^a^4500
001 000025852
005 20250521000000.0
009 20260526113949.365
037 |a Acervo ITESO - Biblioteca 
041 |a ESP 
082 |a 344. 72530535  |b DF 1990 
110 |a México (D.F.) 
240 1 1 |a [Reglamento de Protección Civil para el Distrito Federal] 
245 1 0 |a Reglamento de Protección Civil Para el Distrito Federal / 
264 1 |a México :  |b Departamento del Distrito Federal,  |c 1990 
300 |a 30 p. 
336 |a texto  |b txt  |2 rdacontenido 
337 |a sin mediación  |b n  |2 rdamedio 
338 |a volumen  |b nc  |2 rdasoporte 
649 |a XX 
650 |a Protección Civil -  |z México (D.F.) -  |x Leyes y Reglamentos 
650 |a Protección Civil -  |z México -  |x Leyes y Reglamentos 
650 |a Desastres -  |z México (D.F.) -  |x Leyes y Reglamentos 
650 |a Desastres -  |z México -  |x Leyes y Reglamentos 
650 |a Derecho Social -  |z México (D.F.) 
650 |a Derecho Social -  |z México 
650 |a Derecho Público -  |z México (D.F.) 
650 |a Derecho Público -  |z México 
910 |a Fondo General 
920 |a Impresos - Libros 
930 |a Colección General 
905 |a 101 
901 |a 0258520100  |b IT1  |c ACC  |i 025852  |u 20250521 
902 |a https://opac.biblio.iteso.mx/vufind/Record/000025852